The quiet hills : a Rainwood novel /

Saved in:
Bibliographic Details
Main Author: Bromige, Iris
Format: Book
Language:English
Published: London : Hodder & Stoughton, 1973.
Edition:[New ed.]
LEADER 00829nam a2200241 a 4500
001 c000086096
003 CARM
005 00000000000000.0
008 920914s1973 enk 00011 eng d
019 1 |a 9280901  |5 LACONCORD2021 
020 |a 0340173025 
035 |a (OCoLC)221360691  |5 LACONCORD2021 
040 |a VLINC  |c VLINC 
100 1 |a Bromige, Iris. 
245 1 4 |a The quiet hills :  |b a Rainwood novel /  |c by Iris Bromige. 
250 |a [New ed.] 
260 |a London :  |b Hodder & Stoughton,  |c 1973. 
300 |a 191 p. ;  |c 20 cm. 
500 |a First published 1967. 
852 8 |b CARM  |h A2:AH29G0  |i A01680  |p 0132330  |f BK 
082 0 4 |a 823.914  |2 20 
999 f f |i 1fd10d66-9e97-58f1-851d-484ca76e6cc3  |s bd065ac0-fc51-5cee-8df1-db91de73e1b0 
952 f f |p Can circulate  |a CAVAL  |b CAVAL  |c CAVAL  |d CARM 1 Store  |e A01680  |f A2:AH29G0  |h Other scheme  |i book  |m 0132330